000 01027cam a22003015a 4500
001 41303
003 OSt
005 20230621152010.0
008 920317s1990 fi a b f000 0 eng
010 _a 92132730
020 _a951474411X
040 _aDLC
_cDLC
041 1 _aeng
_hfin
043 _ae-fi---
082 _a328.48
_bHAK
130 0 _aSuomen eduskunta.
_lEnglish.
245 1 4 _aThe Finnish parliament :
_bits background, operations, and building /
_c[editors Liisa-Maria Hakala, Pekka Suhonen ; translation, the English Centre Helsinki].
260 _a[Helsinki] :
_bEduskunta,
_cc1990.
300 _a156 p. :
_bill. (some col.) ;
_c30 cm.
500 _aTranslation of: Suomen eduskunta.
504 _aIncludes bibliographical references (p. 155-157).
610 1 0 _aFinland.
_bEduskunta.
700 1 _aHakala-Zilliacus, Liisa-Maria.
700 1 _aSuhonen, Pekka.
906 _a7
_bibc
_corignew
_d2
_encip
_f19
_gy-gencatlg
942 _2ddc
_cBK
999 _c2257
_d2257